00421nam a2200169Ia 4500008004100000020001800041245002400059245005500083260001500138260001600153260000900169300001400178300002200192300001000214500000800224999001900232170705s9999 xx 000 0 und d a9780439184630 4aThe Runaway bunny / cby Margaret Wise Brown ; pictures by Clement Hurd. aNew York : bScholastic, c1972 aunpaged : bchiefly colored ; c12cm. a600 c337343d337343